| 000 | 01344nam0a22003131 4500 | ||
|---|---|---|---|
| 001 | v19\rc\2022311 | ||
| 005 | 20251118181438.3 | ||
| 035 | _a(NLR Aleph) 005102498 | ||
| 090 |
_a7407506 _c7407506 |
||
| 100 | _a20080925d1916 |||y0rusy50 ca | ||
| 101 | 1 |
_arus _cger |
|
| 102 | _aRU | ||
| 105 | _ay z ||||| | ||
| 200 | 1 |
_aСовременное торгово-политическое положение Германии и подготовка к предстоящим торговым договорам _eДокл. секр. Торг. палаты д-ра Б. Дитриха, прочит. в Торг.-полит. комис. Союза промышленников в Лейпциге 11 сент. 1913 г. _f[Пер. А.С. Глазенап] _gМ-во торг. и пром-сти |
|
| 210 |
_aПетроград _cтип. В.Ф. Киршбаума _d1916 |
||
| 215 |
_a48 с. _d27 |
||
| 700 | 1 |
_aДитрих _bБ. _gБернгард |
|
| 702 | 1 |
_aГлазенап _bА. С. _4730 |
|
| 712 | 0 | 2 | _aМинистерство торговли и промышленности |
| 801 | 0 |
_aRU _bNLR _gpsbo |
|
| 801 | 0 |
_aRU _bRuMoRGB _2psbo |
|
| 801 | 1 |
_aRU _bProSoft-M _2rusmarc |
|
| 852 |
_aNLR _j37.77.3.59 |
||
| 899 |
_aRuMoRGB _jE 51/38 |
||
| 899 |
_aRuMoRGB _jV 221/70 |
||
| 899 | _aБАН | ||
| 899 | _aГПИБ | ||
| 942 | _cBOOK | ||
| 980 | _aNB | ||